000 00396nam a2200169Ia 4500
008 230524s9999 xx 000 0 und d
020 _a9788122436716
082 _bBHA
100 _aS S Bhavikatti
245 0 _aFinite Element Analysis
250 _a3
260 _aNew Delhi
_bNew Age Pub
_c2015
300 _a"XI,334p;"
500 _aQuantity Number: 1
650 _aCivil
942 _cBK
999 _c57809
_d57809